[Event "Stay Safe Play From Home 378"]
[Site "Emanuel Lasker Arena"]
[Date "2020.08.12"]
[Round "5"]
[White "Erdema"]
[Black "Klasman"]
[Result "1-0"]
[WhiteElo "1676"]
[BlackElo "1585"]
[Annotator "NA"]
[PlyCount "115"]
[EventDate "2020.08.12"]
[EventType "swiss (blitz)"]

1. e4 {[%emt 0:00:02]} f5 {[%emt 0:00:08]} 2. exf5 {[%emt 0:00:06]} Nf6 {[%emt 0:00:01]} 3. Be2 {[%emt 0:00:02]} h5 {[%emt 0:00:10]} 4. Nf3 {[%emt 0:00:02]} d5 {[%emt 0:00:01]} 5. Ng5 {[%emt 0:00:04]} Bxf5 {[%emt 0:00:04]} 6. d4 {[%emt 0:00:02]} e6 {[%emt 0:00:09]} 7. a3 {[%emt 0:00:03]} Be7 {[%emt 0:00:13]} 8. Nc3 {[%emt 0:00:03]} Nc6 {[%emt 0:00:02]} 9. Bf4 {[%emt 0:00:03]} g6 {[%emt 0:00:20]} 10. Nb5 {[%emt 0:00:03]} Bd6 {[%emt 0:00:04]} 11. Nxd6+ {[%emt 0:00:02]} cxd6 {[%emt 0:00:01]} 12. c3 {[%emt 0:00:04]} Ne4 {[%emt 0:00:04]} 13. Nxe4 {[%emt 0:00:05]} dxe4 {[%emt 0:00:06]} 14. O-O {[%emt 0:00:03]} d5 {[%emt 0:00:05]} 15. Bb5 {[%emt 0:00:04]} g5 {[%emt 0:00:16]} 16. Be5 {[%emt 0:00:05]} Rh7 {[%emt 0:00:04]} 17. Qa4 {[%emt 0:00:04]} Qb6 {[%emt 0:00:03]} 18. Bxc6+ {[%emt 0:00:03]} Qxc6 {[%emt 0:00:04]} 19. Qxc6+ {[%emt 0:00:03]} bxc6 {[%emt 0:00:01]} 20. b4 {[%emt 0:00:02]} g4 {[%emt 0:00:06]} 21. Ra2 {[%emt 0:00:06]} Kd7 {[%emt 0:00:04]} 22. a4 {[%emt 0:00:04]} Rg8 {[%emt 0:00:04]} 23. g3 {[%emt 0:00:04]} h4 {[%emt 0:00:02]} 24. b5 {[%emt 0:00:02]} hxg3 {[%emt 0:00:03]} 25. Bxg3 {[%emt 0:00:04]} Rc8 {[%emt 0:00:08]} 26. Rb2 {[%emt 0:00:05]} c5 {[%emt 0:00:21]} 27. b6 {[%emt 0:00:03]} Kc6 {[%emt 0:00:15]} 28. a5 {[%emt 0:00:06]} axb6 {[%emt 0:00:05]} 29. Rxb6+ {[%emt 0:00:04]} Kd7 {[%emt 0:00:06]} 30. a6 {[%emt 0:00:03]} cxd4 {[%emt 0:00:16]} 31. cxd4 {[%emt 0:00:03]} Ra8 {[%emt 0:00:08]} 32. Rb7+ {[%emt 0:00:05]} Kc6 {[%emt 0:00:03]} 33. Rxh7 {[%emt 0:00:04]} Bxh7 {[%emt 0:00:02]} 34. Rc1+ {[%emt 0:00:05]} Kb6 {[%emt 0:00:05]} 35. Rb1+ {[%emt 0:00:07]} Kxa6 {[%emt 0:00:02]} 36. Bd6 {[%emt 0:00:04]} Ra7 {[%emt 0:00:24]} 37. Bc5 {[%emt 0:00:07]} Rb7 {[%emt 0:00:04]} 38. Ra1+ {[%emt 0:00:03]} Kb5 {[%emt 0:00:01]} 39. Kg2 {[%emt 0:00:07]} Kc4 {[%emt 0:00:06]} 40. Kg3 {[%emt 0:00:05]} Bf5 {[%emt 0:00:01]} 41. Rc1+ {[%emt 0:00:07]} Kd3 {[%emt 0:00:01]} 42. Ra1 {[%emt 0:00:16]} Rb2 {[%emt 0:00:02]} 43. Ra3+ {[%emt 0:00:04]} Ke2 {[%emt 0:00:01]} 44. Re3+ {[%emt 0:00:03]} Kf1 {[%emt 0:00:02]} 45. Ra3 {[%emt 0:00:16]} e3 {[%emt 0:00:06]} 46. fxe3 {[%emt 0:00:10]} Rg2+ {[%emt 0:00:02]} 47. Kf4 {[%emt 0:00:02]} Rxh2 {[%emt 0:00:04]} 48. Ra1+ {[%emt 0:00:03]} Kg2 {[%emt 0:00:04]} 49. Bb4 {[%emt 0:00:08]} Kh3 {[%emt 0:00:04]} 50. Rg1 {[%emt 0:00:07]} Rb2 {[%emt 0:00:03]} 51. Be1 {[%emt 0:00:02]} Re2 {[%emt 0:00:03]} 52. Rg3+ {[%emt 0:00:03]} Kh2 {[%emt 0:00:02]} 53. e4 {[%emt 0:00:23]} Rxe1 {[%emt 0:00:01]} 54. exf5 {[%emt 0:00:04]} exf5 {[%emt 0:00:02]} 55. Rc3 {[%emt 0:00:03]} Rf1+ {[%emt 0:00:01]} 56. Ke3 {[%emt 0:00:02]} g3 {[%emt 0:00:01]} 57. Rc2+ {[%emt 0:00:04]} g2 {[%emt 0:00:01]} 58. Ke2 {[%emt 0:00:05] Time Time Time (Lag: Av=0.63s, max=1.3s) (Lag: Av=0.63s, max=1.3s) (Lag: Av=0.63s, max=1.3s)} 1-0

[Event "Stay Safe Play From Home 378"]
[Site "Emanuel Lasker Arena"]
[Date "2020.08.12"]
[Round "5"]
[White "DrKHF"]
[Black "W Nelles"]
[Result "1-0"]
[WhiteElo "1673"]
[BlackElo "1438"]
[Annotator "NA"]
[PlyCount "55"]
[EventDate "2020.08.12"]
[EventType "swiss (blitz)"]
[WhiteTeam "SK Bad Homburg"]

{Frühling, Dr. Karl-Heinz (1901)} 1. d4 {[%emt 0:00:02]} d5 {[%emt 0:00:03]} 2. c4 {[%emt 0:00:01]} dxc4 {[%emt 0:00:02]} 3. e3 {[%emt 0:00:02]} Nf6 {[%emt 0:00:02]} 4. Bxc4 {[%emt 0:00:02]} c6 {[%emt 0:00:03]} 5. Nf3 {[%emt 0:00:01]} b5 {[%emt 0:00:02]} 6. Bb3 {[%emt 0:00:02]} Bg4 {[%emt 0:00:02]} 7. h3 {[%emt 0:00:03]} Bxf3 {[%emt 0:00:03]} 8. Qxf3 {[%emt 0:00:01]} Nd5 {[%emt 0:00:03]} 9. Nc3 {[%emt 0:00:02]} Nxc3 {[%emt 0:00:02]} 10. bxc3 {[%emt 0:00:01]} Qd7 {[%emt 0:00:06]} 11. O-O {[%emt 0:00:11]} e6 {[%emt 0:00:02]} 12. Bb2 {[%emt 0:00:03]} Bd6 {[%emt 0:00:02]} 13. c4 {[%emt 0:00:08]} Na6 {[%emt 0:00:07]} 14. cxb5 {[%emt 0:00:02]} Nb4 {[%emt 0:00:03]} 15. a3 {[%emt 0:00:05]} Nd3 {[%emt 0:00:09]} 16. bxc6 {[%emt 0:00:05]} Qc7 {[%emt 0:00:02]} 17. Bc3 {[%emt 0:00:04]} O-O {[%emt 0:00:06]} 18. Rfd1 {[%emt 0:00:03]} Nxf2 {[%emt 0:00:15]} 19. Qxf2 {[%emt 0:00:03]} Bh2+ {[%emt 0:00:05]} 20. Kh1 {[%emt 0:00:02]} Bg3 {[%emt 0:00:02]} 21. Qf3 {[%emt 0:00:02]} Bh4 {[%emt 0:00:14]} 22. Bb4 {[%emt 0:00:02]} Rfe8 {[%emt 0:00:06]} 23. Rac1 {[%emt 0:00:02]} Rad8 {[%emt 0:00:05]} 24. d5 {[%emt 0:00:04]} exd5 {[%emt 0:00:17]} 25. Bxd5 {[%emt 0:00:03]} Rxd5 {[%emt 0:00:06]} 26. Qxd5 {[%emt 0:00:03]} Bf2 {[%emt 0:00:10]} 27. Qd7 {[%emt 0:00:04]} Qxd7 {[%emt 0:00:05]} 28. cxd7 {[%emt 0:00:01] W Nelles gibt auf W Nelles gibt auf W Nelles gibt auf (Lag: Av=0.56s, max=0.7s) (Lag: Av=0.56s, max=0.7s) (Lag: Av=0.56s, max=0.7s)} 1-0

[Event "Stay Safe Play From Home 378"]
[Site "Emanuel Lasker Arena"]
[Date "2020.08.12"]
[Round "6"]
[White "Hickey"]
[Black "SelamiSahin"]
[Result "1/2-1/2"]
[WhiteElo "2060"]
[BlackElo "2214"]
[PlyCount "65"]
[EventDate "2020.08.12"]
[EventType "swiss (blitz)"]

{- Yarar, Atakan} 1. c4 {[%emt 0:00:03]} c5 {[%emt 0:00:01]} 2. Nf3 {[%emt 0:00:02]} Nc6 {[%emt 0:00:01]} 3. Nc3 {[%emt 0:00:03]} d6 {[%emt 0:00:06]} 4. d4 {[%emt 0:00:02]} cxd4 {[%emt 0:00:01]} 5. Nxd4 {[%emt 0:00:00]} Nf6 {[%emt 0:00:02]} 6. e4 {[%emt 0:00:01]} g6 {[%emt 0:00:03]} 7. Be2 {[%emt 0:00:02]} Bg7 {[%emt 0:00:01]} 8. Be3 {[%emt 0:00:00]} O-O {[%emt 0:00:10]} 9. O-O {[%emt 0:00:01]} a6 {[%emt 0:00:06]} 10. Qd2 {[%emt 0:00:17]} Ng4 {[%emt 0:00:04]} 11. Bxg4 {[%emt 0:00:01]} Bxg4 {[%emt 0:00:00]} 12. f3 {[%emt 0:00:00]} Bd7 {[%emt 0:00:05]} 13. Rac1 {[%emt 0:00:03]} Rc8 {[%emt 0:00:03]} 14. Rfd1 {[%emt 0:00:06]} Nxd4 {[%emt 0:00:06]} 15. Bxd4 {[%emt 0:00:02]} Rxc4 {[%emt 0:00:03]} 16. Bxg7 {[%emt 0:00:10]} Kxg7 {[%emt 0:00:00]} 17. Nd5 {[%emt 0:00:34]} Rxc1 {[%emt 0:00:02]} 18. Rxc1 {[%emt 0:00:00]} Be6 {[%emt 0:00:00]} 19. Qc3+ {[%emt 0:00:35]} Kg8 {[%emt 0:00:03]} 20. Qc7 {[%emt 0:00:02]} Bxd5 {[%emt 0:00:07]} 21. exd5 {[%emt 0:00:02]} b5 {[%emt 0:00:02]} 22. h4 {[%emt 0:00:09]} h5 {[%emt 0:00:02]} 23. b4 {[%emt 0:00:05]} Kh8 {[%emt 0:00:05]} 24. Qa7 {[%emt 0:00:03]} Kg8 {[%emt 0:00:07]} 25. Rc6 {[%emt 0:00:04] SelamiSahin beraberlik teklif ediyor SelamiSahin beraberlik teklif ediyor SelamiSahin beraberlik teklif ediyor} e6 {[%emt 0:00:05]} 26. dxe6 {[%emt 0:00:04]} Qxh4 {[%emt 0:00:04]} 27. exf7+ {[%emt 0:00:26]} Rxf7 {[%emt 0:00:07]} 28. Qb8+ {[%emt 0:00:01]} Kg7 {[%emt 0:00:06]} 29. Qxd6 {[%emt 0:00:02]} Qe1+ {[%emt 0:00:01]} 30. Kh2 {[%emt 0:00:01]} Qh4+ {[%emt 0:00:02]} 31. Kg1 {[%emt 0:00:02]} Qe1+ {[%emt 0:00:01]} 32. Kh2 {[%emt 0:00:02]} Qh4+ {[%emt 0:00:00] Hickey offers a draw Hickey offers a draw Hickey offers a draw} 33. Kg1 {[%emt 0:00:05] (Lag: Av=0.65s, max=0.8s) (Lag: Av=0.65s, max=0.8s) (Lag: Av=0.65s, max=0.8s)} 1/2-1/2

[Event "Stay Safe Play From Home 378"]
[Site "Emanuel Lasker Arena"]
[Date "2020.08.12"]
[Round "6"]
[White "Lazieri3"]
[Black "MihailoVujic"]
[Result "1/2-1/2"]
[WhiteElo "1958"]
[BlackElo "2138"]
[PlyCount "132"]
[EventDate "2020.08.12"]
[EventType "swiss (blitz)"]

1. e4 {[%emt 0:00:07]} e5 {[%emt 0:00:01]} 2. Nc3 {[%emt 0:00:01]} Nc6 {[%emt 0:00:01]} 3. Nf3 {[%emt 0:00:00]} Nf6 {[%emt 0:00:01]} 4. d4 {[%emt 0:00:01]} exd4 {[%emt 0:00:01]} 5. Nxd4 {[%emt 0:00:00]} Nxe4 {[%emt 0:00:01]} 6. Nxc6 {[%emt 0:00:01]} Nxc3 {[%emt 0:00:01]} 7. Nxd8 {[%emt 0:00:01]} Nxd1 {[%emt 0:00:00]} 8. Nxf7 {[%emt 0:00:01]} Kxf7 {[%emt 0:00:00]} 9. Kxd1 {[%emt 0:00:01]} d5 {[%emt 0:00:00]} 10. Bd3 {[%emt 0:00:02]} Bc5 {[%emt 0:00:01]} 11. f3 {[%emt 0:00:07]} g6 {[%emt 0:00:00]} 12. Bf4 {[%emt 0:00:01]} c6 {[%emt 0:00:01]} 13. c3 {[%emt 0:00:01]} Bf5 {[%emt 0:00:01]} 14. Kc2 {[%emt 0:00:01]} Rhe8 {[%emt 0:00:05]} 15. Rae1 {[%emt 0:00:02]} Bf2 {[%emt 0:00:04]} 16. Rxe8 {[%emt 0:00:01]} Rxe8 {[%emt 0:00:02]} 17. Bxf5 {[%emt 0:00:05]} gxf5 {[%emt 0:00:00]} 18. Kd3 {[%emt 0:00:03]} Bb6 {[%emt 0:00:27]} 19. Kd2 {[%emt 0:00:07]} c5 {[%emt 0:00:04]} 20. Re1 {[%emt 0:00:02]} Rxe1 {[%emt 0:00:02]} 21. Kxe1 {[%emt 0:00:00]} d4 {[%emt 0:00:03]} 22. cxd4 {[%emt 0:00:01]} cxd4 {[%emt 0:00:01]} 23. Kd2 {[%emt 0:00:01]} Ke6 {[%emt 0:00:00]} 24. Kd3 {[%emt 0:00:00]} Kd5 {[%emt 0:00:01]} 25. b3 {[%emt 0:00:02]} Bd8 {[%emt 0:00:03]} 26. Bb8 {[%emt 0:00:04]} a6 {[%emt 0:00:02]} 27. Ba7 {[%emt 0:00:01]} Bf6 {[%emt 0:00:04]} 28. g4 {[%emt 0:00:06]} fxg4 {[%emt 0:00:08]} 29. fxg4 {[%emt 0:00:00]} b5 {[%emt 0:00:01]} 30. a4 {[%emt 0:00:02]} Bg7 {[%emt 0:00:03]} 31. axb5 {[%emt 0:00:06]} axb5 {[%emt 0:00:00]} 32. h4 {[%emt 0:00:03]} Bf6 {[%emt 0:00:02]} 33. g5 {[%emt 0:00:03]} Bg7 {[%emt 0:00:21]} 34. Bb6 {[%emt 0:00:11]} Be5 {[%emt 0:00:07]} 35. Bd8 {[%emt 0:00:01]} Bf4 {[%emt 0:01:39]} 36. Bf6 {[%emt 0:00:08]} Be3 {[%emt 0:00:01]} 37. h5 {[%emt 0:00:01]} Ke6 {[%emt 0:00:01]} 38. Ke4 {[%emt 0:00:08]} b4 {[%emt 0:00:39]} 39. Bd8 {[%emt 0:00:06]} Kf7 {[%emt 0:00:17]} 40. Ba5 {[%emt 0:00:52]} Bxg5 {[%emt 0:00:02]} 41. Bxb4 {[%emt 0:00:01]} Kg7 {[%emt 0:00:05]} 42. Bc5 {[%emt 0:00:10]} Kh6 {[%emt 0:00:01]} 43. b4 {[%emt 0:00:01]} Kxh5 {[%emt 0:00:02]} 44. b5 {[%emt 0:00:01]} Bd8 {[%emt 0:00:01]} 45. Kxd4 {[%emt 0:00:09]} Kg4 {[%emt 0:00:01]} 46. Kd5 {[%emt 0:00:01]} h5 {[%emt 0:00:01]} 47. Kc6 {[%emt 0:00:01]} h4 {[%emt 0:00:02]} 48. Kd7 {[%emt 0:00:01]} Ba5 {[%emt 0:00:01]} 49. Bd6 {[%emt 0:00:08]} h3 {[%emt 0:00:00]} 50. Kc8 {[%emt 0:00:03]} Kf3 {[%emt 0:00:02]} 51. Kb7 {[%emt 0:00:06]} Kg2 {[%emt 0:00:01]} 52. Ka6 {[%emt 0:00:01]} Bd8 {[%emt 0:00:02]} 53. Kb7 {[%emt 0:00:02]} h2 {[%emt 0:00:01]} 54. Bxh2 {[%emt 0:00:03]} Kxh2 {[%emt 0:00:00]} 55. Kc8 {[%emt 0:00:00]} Ba5 {[%emt 0:00:01]} 56. Kb7 {[%emt 0:00:01]} Kg3 {[%emt 0:00:00]} 57. Ka6 {[%emt 0:00:00]} Bd8 {[%emt 0:00:00]} 58. Kb7 {[%emt 0:00:01]} Kf4 {[%emt 0:00:00]} 59. Kc8 {[%emt 0:00:00]} Ba5 {[%emt 0:00:00]} 60. Kb7 {[%emt 0:00:00]} Ke5 {[%emt 0:00:00]} 61. Ka6 {[%emt 0:00:00]} Bd8 {[%emt 0:00:00]} 62. Kb7 {[%emt 0:00:01]} Kd6 {[%emt 0:00:00]} 63. Kc8 {[%emt 0:00:03]} Ba5 {[%emt 0:00:00]} 64. Kb7 {[%emt 0:00:01]} Kc5 {[%emt 0:00:00]} 65. Ka6 {[%emt 0:00:00]} Bb6 {[%emt 0:00:00]} 66. Kb7 {[%emt 0:00:01]} Kxb5 {[%emt 0:00:00] (Lag: Av=0.84s, max=1.8s) (Lag: Av=0.84s, max=1.8s) (Lag: Av=0.84s, max=1.8s)} 1/2-1/2

[Event "Stay Safe Play From Home 378"]
[Site "Emanuel Lasker Arena"]
[Date "2020.08.12"]
[Round "6"]
[White "CabianoFaruana"]
[Black "Mepe_Nika"]
[Result "1-0"]
[WhiteElo "1954"]
[BlackElo "2349"]
[PlyCount "63"]
[EventDate "2020.08.12"]
[EventType "swiss (blitz)"]

1. e4 {[%emt 0:00:02]} c6 {[%emt 0:00:01]} 2. c4 {[%emt 0:00:01]} d5 {[%emt 0:00:00]} 3. cxd5 {[%emt 0:00:01]} cxd5 {[%emt 0:00:00]} 4. exd5 {[%emt 0:00:01]} Nf6 {[%emt 0:00:00]} 5. Nf3 {[%emt 0:00:01]} Nxd5 {[%emt 0:00:01]} 6. Nc3 {[%emt 0:00:01]} e6 {[%emt 0:00:03]} 7. d4 {[%emt 0:00:01]} Be7 {[%emt 0:00:03]} 8. Bc4 {[%emt 0:00:01]} O-O {[%emt 0:00:01]} 9. O-O {[%emt 0:00:01]} Nxc3 {[%emt 0:00:03]} 10. bxc3 {[%emt 0:00:01]} b6 {[%emt 0:00:01]} 11. Qe2 {[%emt 0:00:03]} Bb7 {[%emt 0:00:01]} 12. Ne5 {[%emt 0:00:01]} Nd7 {[%emt 0:00:01]} 13. Bd2 {[%emt 0:00:09]} Nxe5 {[%emt 0:00:03]} 14. Qxe5 {[%emt 0:00:00]} Qd6 {[%emt 0:00:05]} 15. Qxd6 {[%emt 0:00:06]} Bxd6 {[%emt 0:00:00]} 16. a4 {[%emt 0:00:06]} e5 {[%emt 0:00:09]} 17. d5 {[%emt 0:00:23]} Rac8 {[%emt 0:00:07]} 18. Bb3 {[%emt 0:00:01]} Rc5 {[%emt 0:00:02]} 19. c4 {[%emt 0:00:02]} Rc7 {[%emt 0:00:07]} 20. a5 {[%emt 0:00:03]} Bc5 {[%emt 0:00:04]} 21. a6 {[%emt 0:00:03]} Bc8 {[%emt 0:00:02]} 22. Rfe1 {[%emt 0:00:14]} f5 {[%emt 0:00:06]} 23. Rxe5 {[%emt 0:00:13]} Bd4 {[%emt 0:00:01]} 24. Rae1 {[%emt 0:00:00]} Bxe5 {[%emt 0:00:04]} 25. Rxe5 {[%emt 0:00:00]} Bxa6 {[%emt 0:00:07]} 26. Bb4 {[%emt 0:00:05]} Bxc4 {[%emt 0:00:06]} 27. d6 {[%emt 0:00:08]} Rc6 {[%emt 0:00:11]} 28. Ba4 {[%emt 0:00:23]} b5 {[%emt 0:00:09]} 29. d7 {[%emt 0:00:01]} Be6 {[%emt 0:00:55]} 30. Rxe6 {[%emt 0:00:58]} Rxe6 {[%emt 0:00:07]} 31. Bb3 {[%emt 0:00:02]} Rf7 {[%emt 0:00:29]} 32. Bxe6 {[%emt 0:00:02] Mepe_Nika resigns Mepe_Nika resigns Mepe_Nika resigns (Lag: Av=0.52s, max=0.9s) (Lag: Av=0.52s, max=0.9s) (Lag: Av=0.52s, max=0.9s)} 1-0

[Event "Stay Safe Play From Home 378"]
[Site "Emanuel Lasker Arena"]
[Date "2020.08.12"]
[Round "6"]
[White "Greblah"]
[Black "Ionelluca"]
[Result "1-0"]
[WhiteElo "1886"]
[BlackElo "1932"]
[PlyCount "79"]
[EventDate "2020.08.12"]
[EventType "swiss (blitz)"]

1. e4 {[%emt 0:00:02]} d6 {[%emt 0:00:02]} 2. d4 {[%emt 0:00:02]} Nf6 {[%emt 0:00:00]} 3. Nc3 {[%emt 0:00:01]} c6 {[%emt 0:00:01]} 4. f3 {[%emt 0:00:01]} Nbd7 {[%emt 0:00:02]} 5. Be3 {[%emt 0:00:01]} e5 {[%emt 0:00:01]} 6. Nge2 {[%emt 0:00:01]} b5 {[%emt 0:00:02]} 7. Qd2 {[%emt 0:00:01]} a6 {[%emt 0:00:01]} 8. a4 {[%emt 0:00:03]} b4 {[%emt 0:00:02]} 9. Nd1 {[%emt 0:00:01]} c5 {[%emt 0:00:01]} 10. dxe5 {[%emt 0:00:08]} dxe5 {[%emt 0:00:06]} 11. c4 {[%emt 0:00:07]} Be7 {[%emt 0:00:03]} 12. Ng3 {[%emt 0:00:02]} g6 {[%emt 0:00:04]} 13. Bh6 {[%emt 0:00:02]} Qc7 {[%emt 0:00:04]} 14. Ne3 {[%emt 0:00:02]} Bb7 {[%emt 0:00:02]} 15. Nd5 {[%emt 0:00:07]} Nxd5 {[%emt 0:00:03]} 16. exd5 {[%emt 0:00:06]} O-O-O {[%emt 0:00:03]} 17. b3 {[%emt 0:00:15]} f6 {[%emt 0:00:02]} 18. O-O-O {[%emt 0:00:15]} Nb6 {[%emt 0:00:05]} 19. Ne4 {[%emt 0:00:06]} f5 {[%emt 0:00:13]} 20. Ng5 {[%emt 0:00:08]} Rd7 {[%emt 0:00:16]} 21. Ne6 {[%emt 0:00:08]} Qd6 {[%emt 0:00:02]} 22. Qe1 {[%emt 0:00:16]} Nxd5 {[%emt 0:00:20]} 23. Bg7 {[%emt 0:00:16]} Qxe6 {[%emt 0:00:23]} 24. cxd5 {[%emt 0:00:02]} Bxd5 {[%emt 0:00:14]} 25. Bxh8 {[%emt 0:00:01]} Bg5+ {[%emt 0:00:01]} 26. Kb2 {[%emt 0:00:05]} e4 {[%emt 0:00:09]} 27. fxe4 {[%emt 0:00:25]} fxe4 {[%emt 0:00:04]} 28. Bc4 {[%emt 0:00:16]} Bf6+ {[%emt 0:00:10]} 29. Bxf6 {[%emt 0:00:02]} Qxf6+ {[%emt 0:00:01]} 30. Ka2 {[%emt 0:00:00]} Bxc4 {[%emt 0:00:08]} 31. bxc4 {[%emt 0:00:01]} b3+ {[%emt 0:00:03]} 32. Kb1 {[%emt 0:00:07]} Rxd1+ {[%emt 0:00:15]} 33. Qxd1 {[%emt 0:00:01]} Qf2 {[%emt 0:00:01]} 34. Qxb3 {[%emt 0:00:10]} e3 {[%emt 0:00:06]} 35. Qc3 {[%emt 0:00:07]} Qxg2 {[%emt 0:00:05]} 36. Re1 {[%emt 0:00:02]} Qe4+ {[%emt 0:00:07]} 37. Kb2 {[%emt 0:00:04]} e2 {[%emt 0:00:03]} 38. Qc2 {[%emt 0:00:05]} Qd4+ {[%emt 0:00:02]} 39. Kb3 {[%emt 0:00:01]} Qe3+ {[%emt 0:00:01]} 40. Ka2 {[%emt 0:00:04] Ionelluca resigns Ionelluca resigns Ionelluca resigns (Lag: Av=0.42s, max=0.9s) (Lag: Av=0.42s, max=0.9s) (Lag: Av=0.42s, max=0.9s)} 1-0

[Event "Stay Safe Play From Home 378"]
[Site "Emanuel Lasker Arena"]
[Date "2020.08.12"]
[Round "6"]
[White "DrKHF"]
[Black "Erdema"]
[Result "1-0"]
[WhiteElo "1680"]
[BlackElo "1688"]
[Annotator "NA"]
[PlyCount "127"]
[EventDate "2020.08.12"]
[EventType "swiss (blitz)"]
[WhiteTeam "SK Bad Homburg"]

{Frühling, Dr. Karl-Heinz (1901)} 1. d4 {[%emt 0:00:01]} d5 {[%emt 0:00:05]} 2. c4 {[%emt 0:00:01]} e6 {[%emt 0:00:01]} 3. Nc3 {[%emt 0:00:01]} Nf6 {[%emt 0:00:01]} 4. Bf4 {[%emt 0:00:01]} Bd6 {[%emt 0:00:02]} 5. Bg3 {[%emt 0:00:02]} h6 {[%emt 0:00:02]} 6. e3 {[%emt 0:00:01]} a6 {[%emt 0:00:02]} 7. Nf3 {[%emt 0:00:01]} b6 {[%emt 0:00:02]} 8. Rc1 {[%emt 0:00:02]} O-O {[%emt 0:00:03]} 9. Qb3 {[%emt 0:00:08]} Bb7 {[%emt 0:00:03]} 10. Be2 {[%emt 0:00:03]} dxc4 {[%emt 0:00:03]} 11. Qxc4 {[%emt 0:00:03]} Nc6 {[%emt 0:00:04]} 12. a3 {[%emt 0:00:02]} Na5 {[%emt 0:00:03]} 13. Qd3 {[%emt 0:00:02]} Nd5 {[%emt 0:00:06]} 14. b4 {[%emt 0:00:08]} Nc6 {[%emt 0:00:05]} 15. Nxd5 {[%emt 0:00:04]} exd5 {[%emt 0:00:02]} 16. O-O {[%emt 0:00:02]} Qf6 {[%emt 0:00:04]} 17. Rc2 {[%emt 0:00:07]} b5 {[%emt 0:00:02]} 18. Rfc1 {[%emt 0:00:02]} Ne7 {[%emt 0:00:03]} 19. Ne5 {[%emt 0:00:02]} Bxe5 {[%emt 0:00:11]} 20. Bxe5 {[%emt 0:00:01]} Qf5 {[%emt 0:00:02]} 21. Qxf5 {[%emt 0:00:04]} Nxf5 {[%emt 0:00:01]} 22. Rxc7 {[%emt 0:00:01]} Rac8 {[%emt 0:00:03]} 23. Bg4 {[%emt 0:00:09]} g6 {[%emt 0:00:09]} 24. Bxf5 {[%emt 0:00:05]} gxf5 {[%emt 0:00:02]} 25. g3 {[%emt 0:00:03]} Rfe8 {[%emt 0:00:10]} 26. Bf4 {[%emt 0:00:06]} Rxc7 {[%emt 0:00:05]} 27. Rxc7 {[%emt 0:00:02]} Ba8 {[%emt 0:00:15]} 28. Bxh6 {[%emt 0:00:01]} Kh7 {[%emt 0:00:03]} 29. Bf4 {[%emt 0:00:01]} Kg6 {[%emt 0:00:06]} 30. h4 {[%emt 0:00:02]} Re6 {[%emt 0:00:14]} 31. Ra7 {[%emt 0:00:01]} Bc6 {[%emt 0:00:05]} 32. Rxa6 {[%emt 0:00:02]} f6 {[%emt 0:00:06]} 33. Ra7 {[%emt 0:00:05]} Kh5 {[%emt 0:00:08]} 34. Kg2 {[%emt 0:00:02]} Kg6 {[%emt 0:00:03]} 35. f3 {[%emt 0:00:01]} Re8 {[%emt 0:00:09]} 36. Rc7 {[%emt 0:00:02]} Ba8 {[%emt 0:00:05]} 37. Rc5 {[%emt 0:00:01]} Re6 {[%emt 0:00:10]} 38. Rxb5 {[%emt 0:00:01]} Ra6 {[%emt 0:00:03]} 39. Ra5 {[%emt 0:00:01]} Bb7 {[%emt 0:00:02]} 40. Rxa6 {[%emt 0:00:03]} Bxa6 {[%emt 0:00:01]} 41. a4 {[%emt 0:00:01]} Bc4 {[%emt 0:00:02]} 42. b5 {[%emt 0:00:02]} Kh5 {[%emt 0:00:09]} 43. Kf2 {[%emt 0:00:03]} Kg6 {[%emt 0:00:03]} 44. Bd6 {[%emt 0:00:02]} Kf7 {[%emt 0:00:02]} 45. h5 {[%emt 0:00:02]} Kg7 {[%emt 0:00:02]} 46. g4 {[%emt 0:00:02]} fxg4 {[%emt 0:00:03]} 47. fxg4 {[%emt 0:00:01]} Bd3 {[%emt 0:00:02]} 48. Kf3 {[%emt 0:00:01]} Kh6 {[%emt 0:00:03]} 49. Kf4 {[%emt 0:00:02]} Kg7 {[%emt 0:00:05]} 50. b6 {[%emt 0:00:03]} Ba6 {[%emt 0:00:02]} 51. a5 {[%emt 0:00:01]} Kf7 {[%emt 0:00:05]} 52. Bc7 {[%emt 0:00:02]} Kg7 {[%emt 0:00:02]} 53. Bd8 {[%emt 0:00:01]} Kf7 {[%emt 0:00:05]} 54. h6 {[%emt 0:00:02]} Kg6 {[%emt 0:00:02]} 55. Be7 {[%emt 0:00:07]} Kxh6 {[%emt 0:00:02]} 56. Bxf6 {[%emt 0:00:01]} Kg6 {[%emt 0:00:01]} 57. Ke5 {[%emt 0:00:01]} Bb7 {[%emt 0:00:04]} 58. g5 {[%emt 0:00:01]} Ba6 {[%emt 0:00:13]} 59. Kd6 {[%emt 0:00:01]} Kf7 {[%emt 0:00:04]} 60. Kxd5 {[%emt 0:00:02]} Bb7+ {[%emt 0:00:03]} 61. Kd6 {[%emt 0:00:01]} Kg6 {[%emt 0:00:04]} 62. Kc7 {[%emt 0:00:01]} Ba6 {[%emt 0:00:02]} 63. b7 {[%emt 0:00:01]} Bxb7 {[%emt 0:00:03]} 64. Kxb7 {[%emt 0:00:01] Erdema terk eder Erdema terk eder Erdema terk eder (Lag: Av=0.49s, max=0.9s) (Lag: Av=0.49s, max=0.9s) (Lag: Av=0.49s, max=0.9s)} 1-0

[Event "Stay Safe Play From Home 378"]
[Site "Emanuel Lasker Arena"]
[Date "2020.08.12"]
[Round "6"]
[White "Klasman"]
[Black "buzaglo"]
[Result "0-1"]
[WhiteElo "1572"]
[BlackElo "1757"]
[Annotator "NA"]
[PlyCount "50"]
[EventDate "2020.08.12"]
[EventType "swiss (blitz)"]

1. f4 {[%emt 0:00:01]} d5 {[%emt 0:00:01]} 2. Nf3 {[%emt 0:00:01]} Nf6 {[%emt 0:00:01]} 3. e3 {[%emt 0:00:01]} c5 {[%emt 0:00:01]} 4. d4 {[%emt 0:00:01]} Nc6 {[%emt 0:00:02]} 5. c4 {[%emt 0:00:02]} cxd4 {[%emt 0:00:04]} 6. exd4 {[%emt 0:00:02]} e6 {[%emt 0:00:03]} 7. cxd5 {[%emt 0:00:04]} exd5 {[%emt 0:00:02]} 8. Bb5 {[%emt 0:00:05]} Bb4+ {[%emt 0:00:03]} 9. Nc3 {[%emt 0:00:01]} O-O {[%emt 0:00:05]} 10. Bxc6 {[%emt 0:00:03]} bxc6 {[%emt 0:00:01]} 11. O-O {[%emt 0:00:01]} Bg4 {[%emt 0:00:05]} 12. Qa4 {[%emt 0:00:06]} Bxc3 {[%emt 0:00:10]} 13. bxc3 {[%emt 0:00:02]} Ne4 {[%emt 0:00:01]} 14. Ba3 {[%emt 0:00:19]} Re8 {[%emt 0:00:18]} 15. Qxc6 {[%emt 0:00:06]} Rc8 {[%emt 0:00:07]} 16. Qa6 {[%emt 0:00:27]} Rxc3 {[%emt 0:00:40]} 17. Ne5 {[%emt 0:00:17]} Be2 {[%emt 0:00:53]} 18. Qxe2 {[%emt 0:00:03]} Rxa3 {[%emt 0:00:01]} 19. f5 {[%emt 0:00:05]} f6 {[%emt 0:00:10]} 20. Qb2 {[%emt 0:00:31]} Rc3 {[%emt 0:00:31]} 21. Ng4 {[%emt 0:00:17]} h5 {[%emt 0:00:04]} 22. Nf2 {[%emt 0:00:04]} Re3 {[%emt 0:00:03]} 23. Rae1 {[%emt 0:00:10]} Nd6 {[%emt 0:00:11]} 24. Qc2 {[%emt 0:00:50]} Rxe1 {[%emt 0:00:03]} 25. Rxe1 {[%emt 0:00:03]} Rxe1# {[%emt 0:00:00] (Lag: Av=0.60s, max=0.9s) (Lag: Av=0.60s, max=0.9s) (Lag: Av=0.60s, max=0.9s)} 0-1